Statistiche per Riconosci la Squadra di calcio - Quiz n°72

Clicka qui per fare il quiz!

Statistiche generali

  • Questo quiz è stato fatto 2 volte
  • Il punteggio medio è 7 su 10

Statistiche sulle risposte

IndizioRisposta% Corretto
Titoli nazionali0
100%
Trofei nazionali0
100%
Colori socialiGiallo
100%
SimboliSottomarino
100%
ConfederazioneUEFA
100%
Fondazione1923
50%
Trofei internazionali1 Coppe UEFA/Europa League
2 Coppa Intertoto UEFA
50%
Capienza Stadio25 000 posti
50%
Divisione nazionale 2023-2024Prima
50%
SquadraVillarreal
0%

Distribuzione punteggi

Percentile per numero di risposta

Percentuale di utenti per punteggio

I tuoi punteggi nel tempo

Non hai fatto questo quiz